Virtualizace a její přínosy pro firmy

Výhody a nevýhody virtualizácie. Infraštruktúra ako služba. Virtualizovaný operačný systém a bezpečnosť.

Na minha lista:
Detalhes bibliográficos
Autor principal: Novák, Tomáš
Formato: Capítulo de Livro
Idioma:tcheco
Assuntos:
Tags: Adicionar Tag
Sem tags, seja o primeiro a adicionar uma tag!

MARC

LEADER 00000naa a2200000 4500
001 0143769
005 20240315070645.4
041 0 |a cze 
044 |a CZ 
245 1 0 |a Virtualizace a její přínosy pro firmy  |c Tomáš Novák 
520 |a Výhody a nevýhody virtualizácie. Infraštruktúra ako služba. Virtualizovaný operačný systém a bezpečnosť. 
610 2 0 |a technológie informačné 
610 2 0 |a technológie komunikačné 
610 2 0 |a počítače 
610 2 0 |a infraštruktúra informačná 
610 2 0 |a flexibilita 
610 2 0 |a servery 
610 2 0 |a bezpečnosť 
100 1 |a Novák, Tomáš